000 00509nam a2200181Ia 4500
003 IEPS
005 20250703135239.0
008 250223s9999||||xx |||||||||||||| ||und||
040 _CIEPS
041 _aara
082 _a155
100 _aعيسوي عبد الرحمان
245 0 _aعلم النفس النمو
260 _aالقاهرة
_bدار المعرفة الجامعية
_c1995
300 _a242 ص.
_bغلاف ملون ومصور
_c24 سم.
653 _aعلم النفس
942 _cكتاب
999 _c11125
_d11125